Elements of Nutrition (Record no. 1517)

MARC details
000 -LEADER
Fixed length control field 00458nam a2200181Ia 4500
003 - CONTROL NUMBER IDENTIFIER
Control field IIN
005 - DATE AND TIME OF LATEST TRANSACTION
Control field 20251103152038.0
008 - FIXED-LENGTH DATA ELEMENTS--GENERAL INFORMATION
Fixed length control field 231217s9999 xx 000 0 und d
020 ## - INTERNATIONAL STANDARD BOOK NUMBER / ISBN
Price Rs.425.00
International Standard Book Number 9789381390375
040 ## - CATALOGING SOURCE
Original cataloging agency IIN
Language of cataloging English
082 ## - DEWEY DECIMAL CLASSIFICATION NUMBER
Classification number 613.2
Book Number SOH
100 1# - MAIN ENTRY--PERSONAL NAME
Personal name Sohi, Darshan
245 1# - TITLE STATEMENT
Title Elements of Nutrition
Sub title for GNM
Statement of responsibility Darshan Sohi
260 ## - IMPRINT
Name of publisher Pee Vee
Place of publication Jalandhar
Date of publication 2022
300 ## - PHYSICAL DESCRIPTION
Page / Vol. No 284p.
650 1# - SUBJECT ADDED ENTRY--TOPICAL TERM
Topical term Nutrition
942 ## - ADDED ENTRY ELEMENTS (KOHA)
Koha item type Books
Holdings
Withdrawn status Lost status Damaged status Not for loan Collection code Home library Current library Date acquired Price Total Checkouts Call number Accession number Date last seen Price effective from Koha item type Source of classification Shelving location
          IDEAL INSTITUTE OF NURSING IDEAL INSTITUTE OF NURSING 17/12/2023 425.00   613.2 SOH 1511 17/12/2023 17/12/2023 Books    
          IDEAL INSTITUTE OF NURSING IDEAL INSTITUTE OF NURSING 17/12/2023 425.00   613.2 SOH 1512 17/12/2023 17/12/2023 Books    
          IDEAL INSTITUTE OF NURSING IDEAL INSTITUTE OF NURSING 17/12/2023 425.00   613.2 SOH 1513 17/12/2023 17/12/2023 Books    
        Purches Book IDEAL INSTITUTE OF NURSING IDEAL INSTITUTE OF NURSING 11/03/2025 425.00   613.2 SOH 1769 02/04/2025 02/04/2025 Books Dewey Decimal Classification General Stacks
© Ideal Institute Of Nursing, All rights reserved.         Powered by Koha